000 00921nmm a2200313 a 4500
003 AR-BaBNM
005 20251128204705.0
008 011101s1991 ||||||||||||||000 | spa||
020 _a950-530-267-3
040 _cAR-BaBNM
100 1 _aValero García, José María
245 1 0 _aEducación personalizada
_b¿utopía o realidad?
260 _aBuenos Aires
_bGram
_c1991
300 _a263 p.
_bil.
500 _aSupervisión de Hernán López Vilar
504 _aContiene bibliografía al final de cada capítulo
650 4 _aENSENANZA INDIVIDUALIZADA
650 4 _aPRUEBAS ESCOLARES
650 4 _aCREATIVIDAD
650 4 _aEVALUACION DEL PLAN DE ESTUDIO
650 4 _aSOCIALIZACION
650 4 _aOBJETIVOS EDUCACIONALES
650 4 _aPROGRAMAS DE EDUCACION
650 4 _aTECNICAS DE ENSENANZA
653 _aMETODOS EDUCATIVOS
653 _aORIENTACION EDUCATIVA
942 _cBK
998 _cCarmen
999 _c8441
_d8441